[Event "TCh-ISR 2019"]
[Site "Israel ISR"]
[Date "2019.02.16"]
[Round "6.3"]
[Board "2"]
[White "Rodshtein, Maxim"]
[Black "Bakalchuk, Johnatan"]
[Result "1-0"]
[WhiteTitle "GM"]
[BlackTitle "IM"]
[WhiteElo "2668"]
[BlackElo "2456"]
[WhiteTeam "Beer Sheva Alef in name of Eliyahu Levant"]
[BlackTeam "Hertslia"]
[WhiteFideId "2806851"]
[BlackFideId "2810301"]
[EventDate "2019.01.04"]

1. d4 Nf6 2. c4 g6 3. Nc3 Bg7 4. e4 d6 5. h3 O-O 6. Be3 Na6 7. Nf3 c6 8. Rc1 e5
9. d5 c5 10. g4 Bd7 11. a3 Ne8 12. Bd3 Rb8 13. Rb1 Nec7 14. b4 b5 15. cxb5 Nxb5
16. Nxb5 Bxb5 17. Bxb5 Rxb5 18. Qa4 Rb6 19. Nd2 f5 20. Nc4 f4 21. Bd2 cxb4 22.
axb4 Nc5 23. Qc2 Nd7 24. Nxb6 axb6 25. h4 b5 26. Qc6 Nf6 27. f3 Qb8 28. Qa6 1-0

[Event "TCh-ISR 2019"]
[Site "Israel ISR"]
[Date "2019.02.16"]
[Round "6.3"]
[Board "3"]
[White "Caspi, Israel"]
[Black "Roiz, Michael"]
[Result "1/2-1/2"]
[WhiteTitle "IM"]
[BlackTitle "GM"]
[WhiteElo "2455"]
[BlackElo "2605"]
[WhiteTeam "Hertslia"]
[BlackTeam "Beer Sheva Alef in name of Eliyahu Levant"]
[WhiteFideId "2807394"]
[BlackFideId "2804158"]
[EventDate "2019.01.04"]

1. e4 e5 2. Nf3 Nc6 3. d4 exd4 4. Nxd4 Nf6 5. Nc3 Bb4 6. Nxc6 bxc6 7. Bd3 d5 8.
exd5 O-O 9. O-O Bg4 10. f3 Bh5 11. g4 Bg6 12. Bxg6 hxg6 13. dxc6 Bxc3 14. bxc3
Qe8 15. g5 Nh5 16. Qd7 Qe5 17. Qd4 Qb5 18. Be3 Qxc6 19. Rad1 Rfe8 20. Rd3 a6 21.
c4 Rab8 22. a3 Re6 23. Bd2 Rbe8 24. Rf2 Re5 25. Kg2 Rc5 26. Rc3 Rf5 27. h4 Re7
28. Qd8+ Re8 29. Qd4 Re7 30. Be3 Re8 31. Rd3 Rfe5 32. Bd2 Rc5 33. Rc3 Rf5 34. c5
Rd5 35. Qc4 Rde5 36. Qd4 Rd5 37. Qc4 Rde5 38. Qd4 1/2-1/2

[Event "TCh-ISR 2019"]
[Site "Israel ISR"]
[Date "2019.02.16"]
[Round "6.3"]
[Board "4"]
[White "Postny, Evgeny"]
[Black "Zifroni, Dov"]
[Result "1-0"]
[WhiteTitle "GM"]
[BlackTitle "GM"]
[WhiteElo "2623"]
[BlackElo "2442"]
[WhiteTeam "Beer Sheva Alef in name of Eliyahu Levant"]
[BlackTeam "Hertslia"]
[WhiteFideId "2804344"]
[BlackFideId "2800659"]
[EventDate "2019.01.04"]

1. d4 d5 2. c4 c6 3. Nf3 Nf6 4. Nc3 e6 5. Bg5 Nbd7 6. e3 Qa5 7. Nd2 Bb4 8. Qc1
dxc4 9. Bxf6 Nxf6 10. Nxc4 Qd5 11. Nd2 Qd8 12. a3 Be7 13. Be2 Qc7 14. Nc4 O-O
15. O-O b6 16. b4 Ba6 17. Qb2 Bxc4 18. Bxc4 b5 19. Bd3 a5 20. Rac1 e5 21. Nxb5
Qd7 22. dxe5 Qxd3 23. exf6 Bxf6 24. Nd4 axb4 25. axb4 Rfd8 26. Rxc6 Bxd4 27.
exd4 Qxd4 28. Qb3 h5 29. h3 Rab8 30. Rb1 Rd5 31. Qc2 Rdb5 32. Rc8+ Rxc8 33.
Qxc8+ Kh7 34. Qc2+ g6 35. Qb3 Kg8 36. Qb2 Qd8 37. Rc1 Qb8 38. Rc4 Rd5 39. Qc2
Qd6 40. g3 Rd1+ 41. Kg2 Qd5+ 42. Qe4 Qxe4+ 43. Rxe4 Rb1 44. Kf3 Kg7 45. h4 Rb3+
46. Ke2 Rb2+ 47. Kd3 Rxf2 48. b5 Rg2 49. Re3 g5 50. hxg5 Kg6 51. Kc4 Rc2+ 52.
Rc3 Rd2 53. b6 Rd8 54. Kb5 Kxg5 55. Rc4 f5 56. b7 1-0

[Event "TCh-ISR 2019"]
[Site "Israel ISR"]
[Date "2019.02.16"]
[Round "6.3"]
[Board "5"]
[White "Haimovich, Tal"]
[Black "Mikhalevski, Victor"]
[Result "0-1"]
[WhiteTitle "IM"]
[BlackTitle "GM"]
[WhiteElo "2408"]
[BlackElo "2581"]
[WhiteTeam "Hertslia"]
[BlackTeam "Beer Sheva Alef in name of Eliyahu Levant"]
[WhiteFideId "2801698"]
[BlackFideId "2801914"]
[EventDate "2019.01.04"]

1. e4 e5 2. Nf3 Nc6 3. Bc4 Nf6 4. d3 Bc5 5. O-O O-O 6. Nc3 h6 7. Be3 d6 8. Nd5
Be6 9. Bxc5 dxc5 10. Ne3 Bxc4 11. Nxc4 Re8 12. Nfd2 Qd7 13. Ne3 Rad8 14. Re1 b6
15. Ndf1 Qe6 16. Qc1 Kh7 17. Nf5 Ng8 18. N1e3 g6 19. Ng3 Nf6 20. a3 a5 21. a4 h5
22. Ngf1 Nd4 23. Qd1 Rd7 24. Nc4 h4 25. h3 Nh5 26. Nh2 Nf4 27. Nf3 Qf6 28. Nxd4
Qg5 29. Qg4 Qxg4 30. hxg4 cxd4 31. Kh2 f6 32. Nd2 Kg7 33. Nf3 Rh8 34. g5 Re7 35.
Rab1 fxg5 36. Nxg5 Kf6 37. Nh3 Ne6 38. Rf1 g5 39. f3 Nc5 40. b3 Na6 41. Nf2 Nb4
42. Ng4+ Ke6 43. Rf2 Rd7 44. Rd2 Rd6 45. Nf2 Rc6 46. Rc1 Rc5 47. Kh3 c6 48. Nd1
Kf6 49. Nb2 b5 50. Nc4 bxc4 51. dxc4 Na2 52. Ra1 Nc3 53. g3 hxg3+ 54. Kxg3 Rh4
55. Rh2 Rxh2 56. Kxh2 g4 57. Kg3 gxf3 58. Kxf3 Ke6 59. Rh1 Nxa4 60. Rh6+ Kd7 61.
Rh7+ Kd6 62. Rh6+ Kc7 63. bxa4 Rxc4 64. Re6 Rc3+ 65. Kg4 Rxc2 66. Rxe5 d3 67.
Kf3 Re2 68. Rxa5 Re1 69. Ra7+ Kd8 70. Ra8+ Kd7 0-1

[Event "TCh-ISR 2019"]
[Site "Israel ISR"]
[Date "2019.02.16"]
[Round "6.3"]
[Board "6"]
[White "Greenfeld, Alon"]
[Black "Lev, Ronen"]
[Result "1/2-1/2"]
[WhiteTitle "GM"]
[BlackTitle "GM"]
[WhiteElo "2525"]
[BlackElo "2355"]
[WhiteTeam "Beer Sheva Alef in name of Eliyahu Levant"]
[BlackTeam "Hertslia"]
[WhiteFideId "2800039"]
[BlackFideId "2800063"]
[EventDate "2019.01.04"]

1. d4 d5 2. c4 dxc4 3. e4 c5 4. d5 e6 5. Bxc4 Nf6 6. Nc3 exd5 7. Nxd5 Be7 8.
Nxf6+ Bxf6 9. Qxd8+ Bxd8 10. Be3 Bf6 11. O-O-O Nd7 12. Ne2 Nb6 13. Bb5+ Bd7 14.
Bxd7+ Nxd7 15. f4 O-O-O 16. e5 Be7 17. Ng3 Rhe8 18. Ne4 b6 19. h4 f5 20. Nc3 h5
21. Nd5 Nf8 22. Rd2 Ne6 23. Rhd1 Bf8 24. b3 Nc7 25. Kc2 Nxd5 26. Rxd5 Rxd5 27.
Rxd5 Rd8 28. Rd3 Rxd3 29. Kxd3 Kd7 30. a4 Kc6 31. Bd2 a6 32. Be1 b5 33. axb5+
axb5 34. Ba5 Be7 35. g3 Kd5 36. Bb6 c4+ 37. bxc4+ bxc4+ 38. Kc3 Kc6 39. Kxc4
Kxb6 40. Kd5 Bb4 41. Ke6 Be1 42. Kxf5 Bxg3 43. Kg5 Kc6 44. Kxh5 Bxf4 45. Kg6 1/2-1/2

[Event "TCh-ISR 2019"]
[Site "Israel ISR"]
[Date "2019.02.16"]
[Round "6.4"]
[Board "1"]
[White "Zanan, Evgeny"]
[Black "Shvidler, Eliahu"]
[Result "1-0"]
[WhiteTitle "IM"]
[BlackTitle "IM"]
[WhiteElo "2528"]
[BlackElo "2357"]
[WhiteTeam "Feldklain Rishon leTsion"]
[BlackTeam "ASA Shlomo Har-Tsvi Tel Aviv"]
[WhiteFideId "24101940"]
[BlackFideId "2800160"]
[EventDate "2019.01.04"]

1. d4 Nf6 2. c4 e6 3. Nf3 d5 4. Nc3 Nbd7 5. cxd5 exd5 6. Bg5 c6 7. e3 Be7 8. Qc2
Nf8 9. Bd3 Ne6 10. Bh4 g6 11. Ne5 Ng7 12. f3 O-O 13. Bf2 c5 14. O-O a6 15. Rad1
cxd4 16. exd4 Be6 17. Qb3 Qb8 18. Bh4 Qa7 19. Bb1 Rfe8 20. Kh1 Rad8 21. g4 Nd7
22. Bg3 Nxe5 23. Bxe5 f6 24. Bg3 Bf7 25. a4 Bd6 26. Qc2 Ne6 27. Nxd5 Kg7 28. Bh4
Ng5 29. Nxf6 Kxf6 30. Qd2 Kg7 31. Bxg5 Be7 32. Bxe7 Rxe7 33. Be4 Red7 34. d5 Qb6
35. Qc3+ Qf6 36. Rd3 Qxc3 37. bxc3 Rc8 38. Rb1 Rc4 39. d6 Rxa4 40. Bxb7 Bc4 41.
Rd4 Bb5 42. Rxa4 Bxa4 43. Rb6 Kf6 44. c4 Bd1 45. Kg2 1-0

[Event "TCh-ISR 2019"]
[Site "Israel ISR"]
[Date "2019.02.16"]
[Round "6.4"]
[Board "2"]
[White "Soffer, Ram"]
[Black "Baron, Tal"]
[Result "1/2-1/2"]
[WhiteTitle "GM"]
[BlackTitle "GM"]
[WhiteElo "2477"]
[BlackElo "2519"]
[WhiteTeam "ASA Shlomo Har-Tsvi Tel Aviv"]
[BlackTeam "Feldklain Rishon leTsion"]
[WhiteFideId "2800101"]
[BlackFideId "2809958"]
[EventDate "2019.01.04"]

1. e4 e6 2. d4 d5 3. exd5 exd5 4. Nf3 Bd6 5. c4 Nf6 6. Nc3 O-O 7. cxd5 Re8+ 8.
Be2 Nbd7 9. O-O Nb6 10. Bg5 Be7 1/2-1/2

[Event "TCh-ISR 2019"]
[Site "Israel ISR"]
[Date "2019.02.16"]
[Round "6.4"]
[Board "4"]
[White "Aharonovich, Itamar"]
[Black "Kobo, Ori"]
[Result "0-1"]
[WhiteTitle "FM"]
[BlackTitle "GM"]
[WhiteElo "2299"]
[BlackElo "2485"]
[WhiteTeam "ASA Shlomo Har-Tsvi Tel Aviv"]
[BlackTeam "Feldklain Rishon leTsion"]
[WhiteFideId "2814501"]
[BlackFideId "2812320"]
[EventDate "2019.01.04"]

1. d4 Nf6 2. c4 e6 3. Nc3 Bb4 4. e3 O-O 5. Bd3 c5 6. Nf3 b6 7. O-O Bb7 8. Na4
cxd4 9. exd4 Re8 10. a3 Bf8 11. Re1 d6 12. Bf4 Nbd7 13. Rc1 g6 14. Nc3 e5 15.
dxe5 dxe5 16. Bg5 h6 17. Bxf6 Nxf6 18. Ne4 Nxe4 19. Bxe4 Bxe4 20. Rxe4 Qc7 21.
b4 Rad8 22. Qb3 f5 23. c5+ Kh7 24. Ree1 e4 25. Nh4 bxc5 26. bxc5 Qc6 27. Qf7+
Bg7 28. Qxa7 Qf6 29. g3 f4 30. Ng2 e3 31. fxe3 f3 32. Rf1 Rd2 33. Nh4 Rxe3 34.
Qb7 Rdd3 35. Ng2 Re7 36. Qb4 Qd4+ 37. Qxd4 Bxd4+ 38. Kh1 fxg2+ 39. Kxg2 Re2+ 40.
Kh3 Rdd2 41. Rh1 h5 42. c6 Rc2 43. Rxc2 Rxc2 44. Rd1 Bf6 45. Rd6 Kg7 46. Rd7+
Kh6 47. Rd6 Be7 48. Re6 Bxa3 49. g4 Rc3+ 50. Kh4 Be7+ 0-1

[Event "TCh-ISR 2019"]
[Site "Israel ISR"]
[Date "2019.02.16"]
[Round "6.4"]
[Board "5"]
[White "Bronstein, Or"]
[Black "Kreizberg, Michael"]
[Result "1-0"]
[WhiteTitle "FM"]
[BlackTitle "FM"]
[WhiteElo "2370"]
[BlackElo "2297"]
[WhiteTeam "Feldklain Rishon leTsion"]
[BlackTeam "ASA Shlomo Har-Tsvi Tel Aviv"]
[WhiteFideId "2815770"]
[BlackFideId "2803372"]
[EventDate "2019.01.04"]

1. Nf3 d5 2. g3 c6 3. Bg2 Bg4 4. O-O Nd7 5. d3 Ngf6 6. h3 Bxf3 7. Bxf3 e5 8. e4
dxe4 9. dxe4 Bc5 10. a4 O-O 11. Qe1 a5 12. Nd2 Qc7 13. Nc4 Rfd8 14. Bd2 b6 15.
Be3 h6 16. Kg2 b5 17. Bxc5 Nxc5 18. axb5 cxb5 19. Nxa5 Na4 20. b4 Qxc2 21. Rc1
Qb2 22. Qe2 Qxe2 23. Bxe2 Nxe4 24. Bxb5 Nac3 25. Bc6 Rac8 26. Bb7 Rb8 27. Bxe4
Nxe4 28. Nc6 Re8 29. Rfe1 Nd6 30. Nxb8 Rxb8 31. Rc6 Nf5 32. Rxe5 g6 33. Re4 Rb7
34. g4 Ne7 35. Rd6 Kg7 36. Red4 Rb5 37. Kf3 h5 38. Ke3 1-0

[Event "TCh-ISR 2019"]
[Site "Israel ISR"]
[Date "2019.02.16"]
[Round "6.4"]
[Board "6"]
[White "Gershkowich, David"]
[Black "Kaspi, Alexander"]
[Result "1-0"]
[WhiteTitle "FM"]
[BlackTitle "IM"]
[WhiteElo "2200"]
[BlackElo "2464"]
[WhiteTeam "ASA Shlomo Har-Tsvi Tel Aviv"]
[BlackTeam "Feldklain Rishon leTsion"]
[WhiteFideId "2803356"]
[BlackFideId "2802910"]
[EventDate "2019.01.04"]

1. e4 c5 2. Nf3 d6 3. Nc3 Nf6 4. e5 dxe5 5. Nxe5 Nbd7 6. Nc4 a6 7. a4 Nb6 8. b3
Nxc4 9. Bxc4 e6 10. Qf3 Qc7 11. Bb2 Bd7 12. O-O Bc6 13. Qh3 Be7 14. Rfe1 Rd8 15.
Re2 O-O 16. Rae1 Rd7 17. Bd3 Rfd8 18. Re3 h6 19. Rg3 Kf8 20. Ree3 Rd4 21. Ne2
R4d5 22. Rxg7 Kxg7 23. Rg3+ Rg5 24. Rxg5+ hxg5 25. Qh7+ Kf8 26. Qh8+ Ng8 27.
Bg7+ Ke8 28. Qxg8+ Kd7 29. Qxf7 Qd6 30. h4 gxh4 31. Nf4 Kc8 32. Ng6 Bg5 33. Bc4
Be8 34. Bxe6+ Kb8 35. Qf5 Bxg6 36. Qxg5 Qxd2 37. Qxg6 Qc1+ 38. Kh2 Qf4+ 39. Kh3
Qxf2 40. Be5+ Ka7 41. Bc7 Rf8 42. Bd5 Rf6 43. Qg7 Rf8 44. Bf4 1-0

[Event "TCh-ISR 2019"]
[Site "Israel ISR"]
[Date "2019.02.16"]
[Round "6.5"]
[Board "1"]
[White "Rechlis, Gad"]
[Black "Kuzubov, Yuriy"]
[Result "0-1"]
[WhiteTitle "GM"]
[BlackTitle "GM"]
[WhiteElo "2526"]
[BlackElo "2651"]
[WhiteTeam "haPoel Petah Tiqwa Alef"]
[BlackTeam "Tsafrir Rehovot Alef"]
[WhiteFideId "2800047"]
[BlackFideId "14112906"]
[EventDate "2019.01.04"]

1. e4 c5 2. Nc3 Nc6 3. Nf3 Nf6 4. Bb5 Qc7 5. O-O Nd4 6. Ba4 Ng4 7. e5 Nxe5 8.
Nxd4 cxd4 9. Nb5 Qb6 10. Re1 Ng6 11. Qg4 a6 12. Nxd4 Qb4 13. Bb3 d5 14. a3 Qc5
15. Nf5 d4 16. Ba4+ b5 17. Qe4 Rb8 18. Nxd4 bxa4 19. b4 axb3 20. Nxb3 Qc7 21.
Bb2 e6 22. Re3 Bb7 23. Qg4 h5 24. Qh3 Be7 25. Bxg7 Rg8 26. Bh6 Nf4 27. Bxf4 Qxf4
28. g3 Qg5 29. c4 h4 30. Rae1 Qg4 31. Qf1 Ba8 32. d4 hxg3 33. hxg3 Bg5 34. Rc3
Bf6 35. Rd3 Rh8 36. d5 Qxc4 37. Nd2 Bxd5 38. f3 Qc6 39. Rc1 Qb6+ 40. Kg2 0-1

[Event "TCh-ISR 2019"]
[Site "Israel ISR"]
[Date "2019.02.16"]
[Round "6.5"]
[Board "2"]
[White "Gorodetzky, David"]
[Black "Sivuk, Vitaly"]
[Result "1/2-1/2"]
[WhiteTitle "IM"]
[BlackTitle "GM"]
[WhiteElo "2447"]
[BlackElo "2552"]
[WhiteTeam "Tsafrir Rehovot Alef"]
[BlackTeam "haPoel Petah Tiqwa Alef"]
[WhiteFideId "2813416"]
[BlackFideId "14116502"]
[EventDate "2019.01.04"]

1. c4 Nf6 2. Nc3 g6 3. d4 d5 4. cxd5 Nxd5 5. e4 Nxc3 6. bxc3 Bg7 7. Nf3 c5 8.
Rb1 O-O 9. Be2 b6 10. O-O Bb7 11. Qd3 e6 12. Bg5 Qc7 13. Qe3 Nd7 14. e5 Rfc8 15.
Nd2 cxd4 16. cxd4 Qc3 17. Qf4 h6 18. Bxh6 Bxh6 19. Qxh6 Qxd4 20. Bf3 Rab8 21.
Bxb7 Rxb7 22. Nf3 Qg4 23. Rbd1 Qh5 24. Qe3 Rbc7 25. Rd3 b5 26. Rd4 Rc3 27. Qf4
Rxf3 28. Qxf3 Qxf3 29. gxf3 Nxe5 30. Kg2 Rc3 31. Rb1 Nxf3 32. Rf4 Ne5 33. Rxb5
Nd3 34. Ra4 e5 35. Kf1 Rc2 36. Rxa7 e4 37. Re7 Rxa2 38. Rxe4 Rxf2+ 39. Kg1 Rf6
40. Rb1 1/2-1/2

[Event "TCh-ISR 2019"]
[Site "Israel ISR"]
[Date "2019.02.16"]
[Round "6.5"]
[Board "3"]
[White "Steinberg, Nitzan"]
[Black "Veinberg, Nimrod"]
[Result "1-0"]
[WhiteTitle "GM"]
[BlackTitle "IM"]
[WhiteElo "2530"]
[BlackElo "2399"]
[WhiteTeam "haPoel Petah Tiqwa Alef"]
[BlackTeam "Tsafrir Rehovot Alef"]
[WhiteFideId "2801795"]
[BlackFideId "2810280"]
[EventDate "2019.01.04"]

1. e4 e5 2. Nf3 Nc6 3. Bb5 a6 4. Ba4 Nf6 5. d3 d6 6. c3 g6 7. O-O Bg7 8. Bg5 h6
9. Bh4 O-O 10. Nbd2 g5 11. Bg3 g4 12. Nh4 Nh5 13. Bxc6 bxc6 14. Nc4 Rb8 15. b3
d5 16. Ne3 dxe4 17. dxe4 Qxd1 18. Raxd1 Nf6 19. f3 gxf3 20. gxf3 Re8 21. Rd2 Nh5
22. Nhf5 Bf8 23. Rfd1 Be6 24. Ng4 Bxf5 25. exf5 Bg7 26. Nf2 Bf6 27. Ne4 Bg5 28.
Rd7 Rbc8 29. Kf2 Kf8 30. Ke2 a5 31. a4 Ng7 32. h4 Bd8 33. f6 Nh5 34. Bf2 Nf4+
35. Ke1 Ne6 36. Be3 Rb8 37. Kd2 Kg8 38. Kc2 Kh7 39. Rg1 Rf8 40. h5 1-0

[Event "TCh-ISR 2019"]
[Site "Israel ISR"]
[Date "2019.02.16"]
[Round "6.5"]
[Board "4"]
[White "Galburd, Yan"]
[Black "Manor, Ilan"]
[Result "1-0"]
[WhiteTitle "FM"]
[BlackTitle "GM"]
[WhiteElo "2397"]
[BlackElo "2472"]
[WhiteTeam "Tsafrir Rehovot Alef"]
[BlackTeam "haPoel Petah Tiqwa Alef"]
[WhiteFideId "2808528"]
[BlackFideId "2800110"]
[EventDate "2019.01.04"]

1. d4 d5 2. Bf4 g6 3. Nc3 Bg7 4. e3 c5 5. Nb5 Na6 6. Nf3 Nf6 7. h3 Ne4 8. c3 Bd7
9. a4 O-O 10. Bd3 Qb6 11. Ne5 Be6 12. O-O f6 13. Nc4 Qd8 14. Nd2 Nxd2 15. Qxd2
Bf7 16. e4 dxe4 17. Bxe4 Qb6 18. Be3 c4 19. Qe2 Rfc8 20. Qf3 Rab8 21. Bf4 e5 22.
dxe5 fxe5 23. Be3 Nc5 24. Bd5 Bxd5 25. Qxd5+ Qe6 26. Qxe6+ Nxe6 27. Nxa7 Rd8 28.
a5 Bf8 29. Ra4 Rd5 30. Bb6 Rd2 31. Rxc4 Rxb2 32. Rd1 Re8 33. g3 Ng5 34. Kg2 Re7
35. h4 Ne6 36. Rc8 Rf7 37. Be3 Kg7 38. Rd5 Kf6 39. Nb5 Ra2 40. Bb6 Kf5 41. Re8
Rf6 42. c4 Kg4 43. Rxe5 1-0

[Event "TCh-ISR 2019"]
[Site "Israel ISR"]
[Date "2019.02.16"]
[Round "6.5"]
[Board "6"]
[White "Psakhis, Lev"]
[Black "Bitensky, Igor"]
[Result "0-1"]
[WhiteTitle "GM"]
[BlackTitle "IM"]
[WhiteElo "2455"]
[BlackElo "2373"]
[WhiteTeam "Tsafrir Rehovot Alef"]
[BlackTeam "haPoel Petah Tiqwa Alef"]
[WhiteFideId "2800012"]
[BlackFideId "2804085"]
[EventDate "2019.01.04"]

1. d4 Nf6 2. Nf3 g6 3. c4 Bg7 4. Nc3 d6 5. e4 O-O 6. Be2 e5 7. O-O Nbd7 8. Qc2
c6 9. Rd1 Qe7 10. d5 c5 11. Bg5 h6 12. Bd2 Nh7 13. Qc1 f5 14. Bxh6 f4 15. Bxg7
Kxg7 16. h3 Rh8 17. Kf1 Ndf6 18. Ke1 a6 19. a3 Bd7 20. b4 Rhc8 21. Qb2 b5 22.
cxb5 axb5 23. Bd3 g5 24. Rdc1 Be8 25. bxc5 Rxc5 26. Nb1 Rac8 27. Nbd2 Bg6 28.
Ke2 Kh6 29. Nh2 Nf8 30. Rxc5 Rxc5 31. Rc1 Bh5+ 32. Nhf3 N8d7 33. g4 fxg3 34.
fxg3 Qf8 35. g4 Bg6 36. Rf1 Rc7 37. Nxg5 Kxg5 38. Nf3+ Kh6 39. g5+ Kg7 40. gxf6+
Qxf6 41. Qd2 Bh5 42. Qe3 Nc5 43. Bxb5 Qh4 44. Rg1+ Kf7 45. Bd3 Nb3 46. Kf1 Qxh3+
47. Kf2 Qxf3+ 48. Qxf3+ Bxf3 49. Kxf3 Rc3 50. Ke2 Nc5 51. Rf1+ Ke7 52. Bb1 Rxa3
53. Rh1 Rb3 54. Bc2 Rg3 55. Rh7+ Kf6 56. Rh6+ Ke7 57. Rh7+ Kf8 58. Rh6 Rg2+ 59.
Kd1 Ke7 60. Rh4 Kf6 61. Rh6+ Rg6 62. Rh4 Kg5 63. Rh8 Kf4 64. Kc1 Ke3 65. Rh3+
Kd4 66. Kb2 Rf6 67. Rh1 Rf2 68. Kb1 Rf6 69. Kb2 Na6 70. Rh8 Rf2 71. Rc8 Nb4 72.
Kb3 Nxc2 73. Rc6 Kxe4 0-1

[Event "TCh-ISR 2019"]
[Site "Israel ISR"]
[Date "2019.02.16"]
[Round "6.6"]
[Board "1"]
[White "Zilberman, Yaacov"]
[Black "Dvoirys, Semen I."]
[Result "1/2-1/2"]
[WhiteTitle "GM"]
[BlackTitle "GM"]
[WhiteElo "2334"]
[BlackElo "2523"]
[WhiteTeam "haPoel Kfar Saba Bet"]
[BlackTeam "Beer Sheva Yud-Alef"]
[WhiteFideId "2801612"]
[BlackFideId "4100379"]
[EventDate "2019.01.04"]

1. Nf3 c5 2. c4 Nf6 3. Nc3 e6 4. d4 cxd4 5. Nxd4 a6 6. e3 Qc7 7. Be2 b6 8. O-O
Bb7 9. Bd2 Be7 10. Rc1 O-O 11. Bf3 Bxf3 12. Qxf3 Nc6 13. Nxc6 dxc6 14. Rfd1 Rad8
15. Be1 h6 16. h3 Nd7 17. Qe2 Ne5 18. b3 f5 19. Rxd8 Rxd8 20. Rd1 Rb8 21. Qc2
Rd8 22. Ne2 Rxd1 23. Qxd1 Qd6 24. Qxd6 Bxd6 25. Kf1 Kf7 26. Bd2 Nd3 27. Nd4 c5
28. Ke2 Ne5 29. Nf3 Nc6 1/2-1/2

[Event "TCh-ISR 2019"]
[Site "Israel ISR"]
[Date "2019.02.16"]
[Round "6.6"]
[Board "2"]
[White "Khmelniker, Ilya"]
[Black "Erenberg, Ariel"]
[Result "1/2-1/2"]
[WhiteTitle "GM"]
[BlackTitle "IM"]
[WhiteElo "2483"]
[BlackElo "2409"]
[WhiteTeam "Beer Sheva Yud-Alef"]
[BlackTeam "haPoel Kfar Saba Bet"]
[WhiteFideId "2805340"]
[BlackFideId "2811634"]
[EventDate "2019.01.04"]

1. Nf3 Nf6 2. c4 e6 3. g3 d5 4. Bg2 d4 5. O-O c5 6. e3 Nc6 7. exd4 cxd4 8. Re1
Bd6 9. d3 O-O 10. Bg5 h6 11. Bxf6 Qxf6 12. Nbd2 Qe7 13. a3 a5 14. Nb3 Qf6 15.
Nfd2 Bc7 16. c5 a4 17. Ne4 Qe7 18. Nbd2 Bd7 19. Rc1 Ba5 20. Re2 Bxd2 21. Qxd2
Na5 22. Qb4 Bc6 23. Rcc2 Nb3 24. Nd6 Rfb8 25. Bh3 Qg5 26. f4 Qh5 27. Bg2 Bxg2
28. Kxg2 Qd5+ 29. Kg1 Qf3 30. Qc4 Na1 31. Rcd2 Nb3 32. Rc2 Na1 33. Rcd2 Nb3 1/2-1/2

[Event "TCh-ISR 2019"]
[Site "Israel ISR"]
[Date "2019.02.16"]
[Round "6.6"]
[Board "3"]
[White "Shachar, Ehud"]
[Black "Vydeslaver, Alik"]
[Result "1/2-1/2"]
[WhiteTitle "IM"]
[BlackTitle "IM"]
[WhiteElo "2391"]
[BlackElo "2386"]
[WhiteTeam "haPoel Kfar Saba Bet"]
[BlackTeam "Beer Sheva Yud-Alef"]
[WhiteFideId "2802198"]
[BlackFideId "2801876"]
[EventDate "2019.01.04"]

1. e4 d6 2. d4 Nf6 3. Bd3 e5 4. c3 g6 5. Nf3 Nbd7 6. O-O Bg7 7. a4 O-O 8. Re1
Re8 9. Nbd2 c6 10. a5 Qc7 11. Qb3 Nf8 12. dxe5 dxe5 13. Qa3 Ne6 14. Nc4 Bf8 15.
b4 Nd7 16. Bf1 Rb8 17. Qa2 b5 18. axb6 axb6 19. Rd1 b5 20. Ne3 Bg7 21. Bb2 Nb6
22. c4 Na4 1/2-1/2

[Event "TCh-ISR 2019"]
[Site "Israel ISR"]
[Date "2019.02.16"]
[Round "6.6"]
[Board "4"]
[White "Sidorenko, Ilya"]
[Black "Finkel, Alexander"]
[Result "1/2-1/2"]
[WhiteTitle "IM"]
[BlackTitle "GM"]
[WhiteElo "2395"]
[BlackElo "2453"]
[WhiteTeam "Beer Sheva Yud-Alef"]
[BlackTeam "haPoel Kfar Saba Bet"]
[WhiteFideId "2807769"]
[BlackFideId "2801957"]
[EventDate "2019.01.04"]

1. e4 g6 2. d4 Bg7 3. Nc3 c6 4. f4 d5 5. e5 Nh6 6. Nf3 f6 7. Bd3 O-O 8. h3 fxe5
9. dxe5 Qb6 10. g4 Na6 11. Qe2 Nc7 12. Bd2 Ne6 13. Qh2 Nxf4 14. Bxf4 Qxb2 15.
O-O Qxc3 16. Rae1 c5 17. Bd2 Qa3 18. Ng5 Bd7 19. e6 Bc6 20. Nf7 Nxf7 21. Rxf7
Rxf7 22. exf7+ Kxf7 23. Qf2+ Kg8 24. Rxe7 Qb2 25. c3 Qa1+ 26. Bf1 Rf8 27. Rxg7+
Kxg7 28. Bh6+ Kxh6 29. Qxf8+ Kg5 30. Qe7+ Kf4 31. Qf6+ Ke4 32. Qe7+ Kf4 33. Qf6+
Ke4 34. Qe7+ 1/2-1/2

[Event "TCh-ISR 2019"]
[Site "Israel ISR"]
[Date "2019.02.16"]
[Round "6.6"]
[Board "5"]
[White "Aharon, Ofir"]
[Black "Iliaguev, Nisim"]
[Result "1-0"]
[WhiteTitle "FM"]
[BlackTitle "FM"]
[WhiteElo "2310"]
[BlackElo "2360"]
[WhiteTeam "haPoel Kfar Saba Bet"]
[BlackTeam "Beer Sheva Yud-Alef"]
[WhiteFideId "2800683"]
[BlackFideId "2817276"]
[EventDate "2019.01.04"]

1. e4 c5 2. Nf3 g6 3. c3 Bg7 4. d4 cxd4 5. cxd4 d5 6. e5 Nh6 7. Nc3 O-O 8. h3
Nc6 9. Bb5 f6 10. exf6 Rxf6 11. O-O Qd6 12. Bg5 Rf8 13. Re1 e6 14. Qd2 Nf5 15.
Bf4 Qd8 16. Bxc6 bxc6 17. Na4 Qe7 18. Be5 Bd7 19. Nc5 Bh6 20. Qa5 Rf7 21. Rad1
Nh4 22. Nxh4 Qxh4 23. Bg3 Qf6 24. Qc7 Rd8 25. Rd3 Be8 26. Qa5 Bd7 27. Rf3 Qe7
28. Bd6 Bd2 29. Qxd2 Qxd6 30. Rxf7 Kxf7 31. Nb7 Qc7 32. Nxd8+ Qxd8 33. Qf4+ 1-0

[Event "TCh-ISR 2019"]
[Site "Israel ISR"]
[Date "2019.02.16"]
[Round "6.6"]
[Board "6"]
[White "Klenburg, Michael"]
[Black "Gershon, Alik"]
[Result "0-1"]
[WhiteTitle "IM"]
[BlackTitle "GM"]
[WhiteElo "2361"]
[BlackElo "2431"]
[WhiteTeam "Beer Sheva Yud-Alef"]
[BlackTeam "haPoel Kfar Saba Bet"]
[WhiteFideId "14102072"]
[BlackFideId "2802430"]
[EventDate "2019.01.04"]

1. e4 c5 2. d3 Nc6 3. g3 g6 4. Bg2 Bg7 5. f4 d6 6. Nf3 e5 7. c3 Nge7 8. O-O O-O
9. Na3 exf4 10. Bxf4 d5 11. Qb3 c4 12. dxc4 dxe4 13. Ng5 f5 14. Nb5 Na5 15. Qc2
Qb6+ 16. Kh1 h6 17. Bc7 Qa6 18. Nxe4 fxe4 19. Qxe4 Bf5 20. Qxe7 Nxc4 21. Qc5
Nxb2 22. Bd6 Rf6 23. Be5 Qb6 24. Qe7 Rf7 25. Qd6 Qxb5 26. Bxg7 Rxg7 27. g4 Bd3
28. Rf4 a5 29. Rd4 Re8 30. a4 Qa6 31. Qg3 Rge7 32. Rd6 Re1+ 33. Rxe1 Rxe1+ 34.
Qxe1 Qxd6 35. Bxb7 Bc4 36. Qe8+ Kg7 37. Bf3 Qe6 0-1